|
000
|
00857nam0 2200229 45
|
|
001
|
012014000000
|
|
005
|
20141016121212.0
|
|
010
|
|
@a978-7-5082-7843-8@dCNY50.00
|
|
100
|
|
@a20141016d2014 em y0chiy50 ea
|
|
101
|
0
|
@achi
|
|
102
|
|
@aCN@b110000
|
|
105
|
|
@aa z 000yy
|
|
106
|
|
@ar
|
|
200
|
1
|
@a数字平板电视机维修笔记@Ashu zi ping ban dian shi ji wei xiu bi ji@f杨成伟编著
|
|
210
|
|
@a北京@c金盾出版社@d2014
|
|
215
|
|
@a313页@c图@d26cm
|
|
330
|
|
@a本书根据维修笔记总结了近十年来我国家电市场先后出现的数字平板电视机的故障检修方法与技巧,主要包括长虹、康佳、创维、海信、海尔、TCL王牌、SVA上广电、索尼、东芝、飞利浦等国内外众多品牌的检修实例。
|
|
606
|
0
|
@a数字电视@Ashu zi dian shi@x平板电视机@x维修
|
|
690
|
|
@aTN94@v5
|
|
701
|
0
|
@a杨成伟@Ayang cheng wei@4编著
|
|
801
|
0
|
@aCN@bCDNYKJZYXY@c20141016
|
|
905
|
|
@aCDNYKJZYXY@dTN94@e153@f3
|
|
|
|
|
| |
| 数字平板电视机维修笔记/杨成伟编著.-北京:金盾出版社,2014 |
| 313页:图;26cm |
| |
| |
| ISBN 978-7-5082-7843-8:CNY50.00 |
| 本书根据维修笔记总结了近十年来我国家电市场先后出现的数字平板电视机的故障检修方法与技巧,主要包括长虹、康佳、创维、海信、海尔、TCL王牌、SVA上广电、索尼、东芝、飞利浦等国内外众多品牌的检修实例。 |
| ● |
正题名:数字平板电视机维修笔记
索取号:TN94/153
 
预约/预借
| 序号
|
登录号
|
条形码
|
馆藏地/架位号
|
状态
|
备注
|
|
1
|
474692
|
300474692
|
柳城-4楼/61架3列4层/
[索取号:TN94/153]
|
在馆
|
|
|
2
|
474693
|
300474693
|
柳城-4楼/61架3列4层/
[索取号:TN94/153]
|
在馆
|
|
|
3
|
474694
|
300474694
|
柳城-4楼/61架3列4层/
[索取号:TN94/153]
|
在馆
|
|